Advanced gravitational waves detectors (Record no. 18708)

MARC details
000 -LEADER
fixed length control field 00756nam a2200241Ia 4500
003 - CONTROL NUMBER IDENTIFIER
control field IN-BaIIA
008 - FIXED-LENGTH DATA ELEMENTS--GENERAL INFORMATION
fixed length control field 211028s9999 xx 000 0 eng d
020 ## - INTERNATIONAL STANDARD BOOK NUMBER
International Standard Book Number 978-0-521-87429-8
040 ## - CATALOGING SOURCE
Transcribing agency IIA Library
080 ## - UNIVERSAL DECIMAL CLASSIFICATION NUMBER
Universal Decimal Classification number 524.834
Item number BLA
245 #0 - TITLE STATEMENT
Title Advanced gravitational waves detectors
Statement of responsibility, etc. edited by David G. Blair…[et al.]
260 ## - PUBLICATION, DISTRIBUTION, ETC.
Place of publication, distribution, etc. Cambridge
Name of publisher, distributor, etc. Cambridge University Press
Date of publication, distribution, etc. 2012
300 ## - PHYSICAL DESCRIPTION
Extent xxi, 321p.
650 ## - SUBJECT ADDED ENTRY--TOPICAL TERM
Topical term or geographic name entry element Astronomical instruments
9 (RLIN) 4304
650 ## - SUBJECT ADDED ENTRY--TOPICAL TERM
Topical term or geographic name entry element Gravitational detectors
9 (RLIN) 35798
650 ## - SUBJECT ADDED ENTRY--TOPICAL TERM
Topical term or geographic name entry element Gravitational waves
9 (RLIN) 3825
650 ## - SUBJECT ADDED ENTRY--TOPICAL TERM
Topical term or geographic name entry element Laser interferometers
9 (RLIN) 35799
700 ## - ADDED ENTRY--PERSONAL NAME
Personal name Blair, David G., ed.
9 (RLIN) 35800
700 ## - ADDED ENTRY--PERSONAL NAME
Personal name Howell, E. J, ed.
9 (RLIN) 35801
700 ## - ADDED ENTRY--PERSONAL NAME
Personal name Ju, L., ed.
9 (RLIN) 35802
700 ## - ADDED ENTRY--PERSONAL NAME
Personal name Zhao, C., ed.
9 (RLIN) 35803
942 ## - ADDED ENTRY ELEMENTS (KOHA)
Koha item type Books
Holdings
Withdrawn status Lost status Damaged status Not for loan Home library Current library Shelving location Date acquired Source of acquisition Cost, normal purchase price Total Checkouts Full call number Barcode Date last seen Cost, replacement price Price effective from Koha item type Purchase Price
        IIA Library-Bangalore IIA Library-Bangalore General Stacks 09/05/2013 INT 5858.86   524.834/ BLA 19630 05/11/2021 5858.86 09/05/2013 Books Rs. 5858.86

Powered by Koha